000 00596nam a22001937a 4500
999 _c13263
_d13263
003 AR-CdUCM
008 190411b ||||| |||| 00| 0 spa d
040 _aMUNICIPALIDAD PROVINCIAL DEL CUSCO
_cBIBLIOTECA MUNICIPAL DEL CUSCO
082 _aC / 581.985 /
_bH44 / 1926
100 _aHerrera, Fortunato L.
_931237
245 _aChloris Cuzcoensis /
260 _aCusco :
_bEdit. H.G.Rozas,
_c1926.
300 _a222 paginas :
_c17 cm.
505 _aContenido :Diversos Herbarios /
650 _aFamilias
_92849
650 _aGeneros
_96093
942 _2ddc
_cFOLLETOS
945 _arjall
_d2019-04-11